Introduction to random process with applications to signals and systems

Bibliographic Details
Main Author: Garner, William A. (Author)
Format: Book
Published: New York ; : Macmillan Pub. ; London : Collier Macmillan , c1986
Subjects:

MARC

LEADER 00000cam a2200000 7i4500
001 0000024913
005 20021119093000.0
008 021119n
020 |a 0029487900 
090 0 0 |a QA274   |b .G375 1985 
100 0 |a Garner, William A. ,   |e author 
245 0 0 |a Introduction to random process with applications to signals and systems   |c William A. Gardner 
260 2 |a New York ; :   |b Macmillan Pub. ; London :   |b Collier Macmillan ,   |c c1986 
300 |a 434 p. ; ;   |c 25 cm. 
504 |a Bibliography : p. 419-423 
650 0 |a Signal processing 
650 0 |a Stochastic processes 
650 0 |a Stochastic systems 
999 |a 1000035876   |b Book   |c OPEN SHELF (30 DAYS)   |e Gong Badak Campus